Текст томруулах:    
Handbook of electrical construction tools and materials (Бичлэгийн дугаар. 145882)
000 -УДИРДЛАГА
Удирдлага 01566nam a22003497a 4500
003 - ХЯНАЛТЫН ТОО ТОДОРХОЙЛОГЧ
Код MN-UlNUM
005 - БИЧИЛТ ХИЙСЭН ОГНОО
Тухайн бичилтийг бичсэн засварласан сүүлийн огноо 20251209153749.0
008 - ЕРӨНХИЙ МЭДЭЭЛЭЛ
Ерөнхий мэдээлэл 251209s1996 nyua 001 0 eng
020 ## - ISBN
ISBN 0070699208
-- 9780070699205
040 ## - БИЧЛЭГ ҮҮСГЭГЧ БАЙГУУЛЛАГА
Бичлэг үүсгэгч номын сангийн код МУИС-ийн номын сан
084 ## - ББК АНГИЛАЛ
Нэмэлт тусгалт Нэг сэдэвт бүтээл
ББК ангилал 91.9:3
Зохиогчийн гурван тэмдэгт W 63
Мэдлэгийн ялгаа 9 - Лавлах хэвлэл
100 ## - ЗОХИОГЧ
Зохиогчийн нэр Whitson, Gene
245 ## - ҮНДСЭН ГАРЧИГ
Номын нэр Handbook of electrical construction tools and materials
260 ## - ГАРАЛТЫН МЭДЭЭ
Хэвлэгдсэн газар New York
Хэвлэлийн газар McGraw-Hill
Хэвлэгдсэн он 1996
300 ## - МАТЕРИАЛЫН ТОДОРХОЙЛОЛТ
хуудасны тоо vi, 478 p. :
Бусад тоон мэдээлэл ill. ;
Хэмжээ 24 cm
500 ## - Тайлбар
Дансны дугаар БС 4323
505 ## - Агуулгын тэмдэглэгээ
Агуулгын тэмдэглэгээ Spec and use the right tools and materials. How many times have supplies been late to the job site, or the wrong things been sent? How many mistakes have happened because someone didn't know proper tool techniques? Truth is, inadequate tool and material training is a leading cause of cost overruns. That's why you'll find Gene Whitson's Handbook of Electrical Construction Tools and Materials so valuable, It's a complete training manual you can use with everyone from apprentices to warehouse staff to increase productivity and efficiency.
546 ## - ХЭЛНИЙ ТУХАЙ МЭДЭЭ
Хэл Англи хэл дээр,
653 ## - Түлхүүр үг
Түлхүүр үг electric apparatus and appliances
653 ## - Түлхүүр үг
Түлхүүр үг equipment and supplies
653 ## - Түлхүүр үг
Түлхүүр үг electrical engineering
740 ## - НОМЫН ГАРЧИГ
Гарчиг Conduit Benders
740 ## - НОМЫН ГАРЧИГ
Гарчиг Pipe Threaders and Equipment
740 ## - НОМЫН ГАРЧИГ
Гарчиг Drills, Drill Bits and Screw Guns
740 ## - НОМЫН ГАРЧИГ
Гарчиг Saws and Blades
740 ## - НОМЫН ГАРЧИГ
Гарчиг Cable Tools and Equipment
740 ## - НОМЫН ГАРЧИГ
Гарчиг Welders and Torches
740 ## - НОМЫН ГАРЧИГ
Гарчиг Generators, Power Distribution, Lighting
942 ## - ЭЛЕМЕНТИЙН ТӨРӨЛ
Зүйлийн төрөл Ном